Wolfville Days (Record no. 232996)
[ view plain ]
| 000 -LEADER | |
|---|---|
| fixed length control field | 01299cam a22002773a 4500 |
| 001 - CONTROL NUMBER | |
| control field | 3667 |
| 003 - CONTROL NUMBER IDENTIFIER | |
| control field | PGUSA |
| 005 - DATE AND TIME OF LATEST TRANSACTION | |
| control field | 20140828083036.0 |
| 008 - FIXED-LENGTH DATA ELEMENTS--GENERAL INFORMATION | |
| fixed length control field | 030101s2003||||xxu|||||s|||||000 d eng d |
| 040 ## - CATALOGING SOURCE | |
| Original cataloging agency | PGUSA |
| Language of cataloging | eng |
| 042 ## - AUTHENTICATION CODE | |
| Authentication code | dc |
| 050 #4 - LIBRARY OF CONGRESS CALL NUMBER | |
| Classification number | PS |
| 100 1# - MAIN ENTRY--PERSONAL NAME | |
| Personal name | Lewis, Alfred Henry, |
| Dates associated with a name | 1857-1914 |
| 245 10 - TITLE STATEMENT | |
| Title | Wolfville Days |
| Medium | [electronic resource] / |
| Statement of responsibility, etc | Alfred Henry Lewis |
| 260 ## - PUBLICATION, DISTRIBUTION, ETC. (IMPRINT) | |
| Name of publisher, distributor, etc | Project Gutenberg, |
| Date of publication, distribution, etc | 2003 |
| 505 0# - FORMATTED CONTENTS NOTE | |
| Formatted contents note | The great Wolfville strike -- The grinding of Dave Tutt -- The feud of Pickles -- Johnny Florer's axle grease -- Toothpick Johnson's ostracism -- The Wolfville Daily Coyote -- Cherokee Hall plays poker -- The treachery of Curly Ben -- Colonel Sterett's reminiscences -- How the dumb man rode -- How Prince Hal got help -- How Wolfville made a jest -- Death and the Donna Anna -- How Jack Rainey quit -- The defiance of Gene Watkins -- Colonel Sterett's war record -- Old Man Enright's love -- When Whiskey Billy died -- When the stage was stopped. |
| 506 ## - RESTRICTIONS ON ACCESS NOTE | |
| Terms governing access | Public domain in the USA. |
| 516 ## - TYPE OF COMPUTER FILE OR DATA NOTE | |
| Type of computer file or data note | Electronic text |
| 653 ## - INDEX TERM--UNCONTROLLED | |
| Uncontrolled term | Arizona -- Fiction |
| 653 ## - INDEX TERM--UNCONTROLLED | |
| Uncontrolled term | Western stories |
| 653 ## - INDEX TERM--UNCONTROLLED | |
| Uncontrolled term | Cowboys -- Fiction |
| 653 ## - INDEX TERM--UNCONTROLLED | |
| Uncontrolled term | Humorous stories, American |
| 830 #0 - SERIES ADDED ENTRY--UNIFORM TITLE | |
| Uniform title | Project Gutenberg |
| Volume number/sequential designation | 3667 |
| 856 40 - ELECTRONIC LOCATION AND ACCESS | |
| Uniform Resource Identifier | <a href="http://www.gutenberg.org/ebooks/3667">http://www.gutenberg.org/ebooks/3667</a> |
| 942 ## - ADDED ENTRY ELEMENTS (KOHA) | |
| Koha item type | eBooks |
| Withdrawn status | Lost status | Damaged status | Home library | Current library | Date acquired | Total Checkouts | Date last seen | Price effective from | Koha item type |
|---|---|---|---|---|---|---|---|---|---|
| Project Gutenberg | Project Gutenberg | 08/28/2014 | 08/28/2014 | 08/28/2014 | eBooks |